<?xml version="1.0" encoding="UTF-8"?>
<collection xmlns="http://www.loc.gov/MARC21/slim">
  <record>
    <leader>00000nam  2200000   4500</leader>
    <controlfield tag="001">INLIS000000000020117</controlfield>
    <controlfield tag="005">20250522092720</controlfield>
    <datafield tag="035" ind1="#" ind2="#">
      <subfield code="a">0010-0525000200</subfield>
    </datafield>
    <controlfield tag="007">ta</controlfield>
    <controlfield tag="008">250522################|##########|#|##</controlfield>
    <datafield tag="084" ind1="#" ind2="#">
      <subfield code="a">R 0088 PKN II 2024</subfield>
    </datafield>
    <datafield tag="100" ind1=" " ind2="#">
      <subfield code="a">Andi Rahman</subfield>
    </datafield>
    <datafield tag="245" ind1="1" ind2="#">
      <subfield code="a">Strategi Peningkatan Partisipasi Olahraga Masyarakat Disabilitas Melalui Public Private Partnership /</subfield>
      <subfield code="c">Andi Rahman</subfield>
    </datafield>
    <datafield tag="250" ind1="#" ind2="#">
      <subfield code="a">1</subfield>
    </datafield>
    <datafield tag="260" ind1="#" ind2="#">
      <subfield code="a">Jakarta :</subfield>
      <subfield code="b">Pusbangkom Pimnas,</subfield>
      <subfield code="c">2024</subfield>
    </datafield>
    <datafield tag="300" ind1="#" ind2="#">
      <subfield code="a">80 :</subfield>
      <subfield code="b">ilus ;</subfield>
      <subfield code="c">29 x 21 x 1</subfield>
    </datafield>
    <datafield tag="650" ind1="#" ind2="4">
      <subfield code="a">Pelayanan Publik</subfield>
    </datafield>
    <datafield tag="520" ind1="#" ind2="#">
      <subfield code="a">P&#13;
&#13;
“P3-SHIIIP”&#13;
STRATEGI PENINGKATAN PARTISIPASI OLAHRAGA MASYARAKAT DISABILITAS&#13;
MELALUI PUBLIC PRIVATE PARTNERSHIP&#13;
&#13;
....&#13;
&#13;
....&#13;
&#13;
1.&#13;
EXECUTIVE&#13;
SUMMARY&#13;
&#13;
royek perubahan ini bertujuan meningkatkan angka par-&#13;
tisipasi olahraga masyarakat disabilitas Indonesia. Ke-&#13;
menpora sebagai Lembaga yang diberi tanggung jawab&#13;
&#13;
memajukan dan membangun olahraga Indonesia pada&#13;
tingkat nasional dan internasional memiliki fungsi koordinasi dan&#13;
membuat kebijakan terkait pembangunan olahraga masyarakat&#13;
khususnya olahraga disabilitas yang sudah diamanatkan dalam&#13;
UU No.86 tahun 2016 tentang penyandang disabilitas pada pa&#13;
sal 1 ayat 1 berbunyi “Penyandang disabilitas adalah setiap orang&#13;
yang mengalami keterbatasan fisik, intelektual, mental, dan/ atau&#13;
sensorik dalam jangka waktu lama yang dalam berinteraksi de&#13;
&#13;
ngan lingkungan dapat mengalami hambatan dan kesulitan un-&#13;
tuk berpartisipasi secara penuh dan efektif dengan warga negara&#13;
&#13;
lainnya”. Peran Project Leader adalah memastikan bahwa tu-&#13;
juan jangka Panjang ,menengah dan pendek yakni: 1)Menerbitkan&#13;
&#13;
Peraturan Deputi tentang peningkatan indeks partisipasi olahra-&#13;
ga disabilitas; 2)Membentuk forum olahraga disabilitas pada ting-&#13;
kat nasional, provinsi dan daerah; 3) Pembentukan Kader Peng-&#13;
gerak Olahraga Disabilitas (KPOD) yang terdiri dari mahasiswa,&#13;
&#13;
pemuda dan stakeholder olahraga dan 4) Membangun prototipe&#13;
aplikasi indeks partisipasi olahraga disabilitas hasil kerja sama P3&#13;
( Public Private Partnership).</subfield>
    </datafield>
    <datafield tag="856" ind1="#" ind2="#">
      <subfield code="a">Perpustakaan Pusat LAN</subfield>
    </datafield>
    <datafield tag="990" ind1="#" ind2="#">
      <subfield code="a">2024/1.2,2/A/0088</subfield>
    </datafield>
    <datafield tag="990" ind1="#" ind2="#">
      <subfield code="a">2024/1.2,2/A/0088</subfield>
    </datafield>
  </record>
</collection>
